LEADER 04298nam 22009373u 450 001 9910493161803321 005 20210108091747.0 010 $a1-282-62799-6 010 $a9786612627996 010 $a1-84545-941-5 035 $a(CKB)2560000000012083 035 $a(EBL)544299 035 $a(OCoLC)645100606 035 $a(SSID)ssj0000456971 035 $a(PQKBManifestationID)11329031 035 $a(PQKBTitleCode)TC0000456971 035 $a(PQKBWorkID)10414870 035 $a(PQKB)10650288 035 $a(MiAaPQ)EBC544299 035 $a(EXLCZ)992560000000012083 100 $a20130812d2009 uy 0 101 0 $aeng 135 $aur|n||||||||| 181 $ctxt 182 $cc 183 $acr 200 00$aAssisting reproduction, testing genes$b[electronic resource] $eglobal encounters with new biotechnologies /$fedited by Daphna Birenbaum-Carmeli and Marcia C. Inhorn 210 $aNew York $cBerghahn Books$d2009 215 $a1 online resource (303 p.) 225 1 $aFertility, Reproduction and Sexuality ;$vvolume 18 300 $aDescription based upon print version of record. 311 $a1-84545-625-4 327 $aTitle page-Assisting Reproduction, Testing Genes; Contents; Introduction; Part I-Families and Beyond: Reproductive Technologies and New Social Orders; Chapter 1-East in West?; Chapter 2-Cultural Meanings of Assisted Reproductive Technologies; Chapter 3-Middle Eastern Masculinities in the Age of Assisted Reproductive Technologies; Part II-Couples and Others: Assisting Reproduction with Third Parties; Chapter 4-The Traffic Between Women; Chapter 5-Law, Ethics, and Donor Technologies in Shia Iran; Chapter 6-Inappropriate Relations; Chapter 7-Contested Surrogacy and The Gender Order 327 $aPart III-Testing Genes and Using Gells: Encounters with Advanced Genetic TechnologiesChapter 8-The Genesis of Embryos and Ethics in Vitro; Chapter 9-Assisted Life; Chapter 10-Doubt is the Mother of All Invention; Contributors; Index 330 $aFollowing the routinization of assisted reproduction in the industrialized world, technologies such as in vitro fertilization, preimplantation genetic diagnosis, and DNA-based paternity testing have traveled globally and are now being offered to couples in numerous non-Western countries. This volume explores the application and impact of these advanced reproductive and genetic technologies in societies across the globe. By highlighting both the cross-cultural similarities and diverse meanings that technologies may assume as they enter multiple contexts, the book aims to foster understanding 410 0$aFertility, reproduction, and sexuality ;$vv. 18. 606 $aHuman reproductive technology 606 $aBiotechnology 606 $aHuman genetics 606 $aFertilization in vitro, Human 606 $aHuman embryo$xTransplantation 606 $aSurrogate motherhood 606 $aGenetic Services 606 $aCulture 606 $aReproductive Techniques 606 $aGenetic Techniques 606 $aGenetic Testing 606 $aReproductive Techniques, Assisted 606 $aCross-Cultural Comparison 606 $aMedicine$2HILCC 606 $aGynecology & Obstetrics$2HILCC 606 $aHealth & Biological Sciences$2HILCC 608 $aElectronic books. 615 0$aHuman reproductive technology. 615 0$aBiotechnology. 615 0$aHuman genetics. 615 0$aFertilization in vitro, Human. 615 0$aHuman embryo$xTransplantation. 615 0$aSurrogate motherhood. 615 12$aGenetic Services 615 22$aCulture 615 22$aReproductive Techniques 615 22$aGenetic Techniques 615 22$aGenetic Testing 615 22$aReproductive Techniques, Assisted 615 22$aCross-Cultural Comparison 615 7$aMedicine 615 7$aGynecology & Obstetrics 615 7$aHealth & Biological Sciences 676 $a618.1/7806 676 $a660.6 702 $aBirenbaum-Carmeli$b Daphna 702 $aInhorn$b Marcia C.$f1957- 801 0$bAU-PeEL 801 1$bAU-PeEL 801 2$bAU-PeEL 801 2$bCaOLU 906 $aBOOK 912 $a9910493161803321 996 $aAssisting reproduction, testing genes$92484537 997 $aUNINA LEADER 03146nmm 2200505I 450 001 9910511499103321 005 20190626093107.0 010 $a1-350-98993-2 010 $a1-78672-073-6 010 $a1-78673-073-1 024 7 $a10.5040/9781350989931 035 $a(CKB)4340000000188930 035 $a(MiAaPQ)EBC4898799 035 $a(OCoLC)1114471704 035 $a(UkLoBP)a00000015 035 $a(EXLCZ)994340000000188930 100 $a20160926d2019 uy 0 101 0 $aeng 135 $aurcnu|||||||| 181 $2rdacontent 182 $2rdamedia 183 $2rdacarrier 200 10$aYugoslavia and Macedonia before Tito $ebetween repression and integration /$fNada Bos?kovska 210 1$aLondon :$cBloomsbury Publishing,$d2019. 215 $a1 online resource (379 pages) $cillustrations, maps 225 1 $aPolitics & international relations 311 $a0-7556-0102-5 311 $a1-78453-338-6 320 $aIncludes bibliographical references and index. 330 $a"Held together by apparatchiks and, later, Tito's charisma, Yugoslavia never really incorporated separate Balkan nationalisms into the Pan-Slavic ideal. Macedonia - frequently ignored by Belgrade - had survived centuries of Turkish domination, Bulgarian invasion and Serbian assimilation before it became part of the Yugoslav project in the aftermath of the First World War. Drawing on an extensive analysis of archival material, private correspondence, and newspaper articles, Nada Boskovska provides an arresting account of the Macedonian experience of the interwar years, charting the growth of political consciousness and the often violent state-driven attempts to curb autonomy. Sketching the complex picture of nationalism within a multi-ethnic, but unitarist state through a comprehensive analysis of policy, economy, and education, Yugoslavia and Macedonia before Tito is the first book to describe the uneasy and often turbulent relationship between a Serbian-dominated government and an increasingly politically aware Macedonian people. Concerned with the question of integration and political manipulation, Boskovska gives credence to voices critical of Royal Yugoslavia and offers a fresh insight into domestic policy and the Macedonian question, going beyond traditional high politics. Broadening the spectrum of discussion and protest, she reveals the voices of a people protesting constitutional and electoral fraud, the neglect of local needs and state machinations designed to create a satellite province."--Bloomsbury Publishing. 410 0$aPolitics & international relations (Bloomsbury Publishing) 606 $aPolitics & International Relations 606 $2European history 607 $aNorth Macedonia$xHistory 607 $aYugoslavia$xHistory$y1918-1945 608 $aElectronic books. 615 4$aPolitics & International Relations 676 $a949.7021 700 $aBos?kovska Leimgruber$b Nada$01067755 801 0$bUkLoBP 801 1$bUkLoBP 906 $aBOOK 912 $a9910511499103321 996 $aYugoslavia and Macedonia before Tito$92551877 997 $aUNINA